00670 a2200181 4500003000400000005001700004008004100021020001500062040000900077082001900086100002900105245008800134260003900222300001400261942004400275952015200319999001700471OSt20250702152052.0250702b |||||||| |||| 00| 0 eng d a8182741262 coclc a016.306bWAR/E aWarshaw, George F910598 aEncyclopaedic Dictionary of Anthropology /cCompiled and edited by George F Warshaw aNew Delhi:bPentagon Press,c2004. a176 pages 2ddccBKh016.306iWAR/Ek016.306mWAR/E 00102ddc40708SOCIAL SCIENCEaMESbMEScSOCIAL SCIENCEd2025-07-02l0o016.306 WAR/Ep46056r2025-07-02 15:20:37v395.00w2025-07-02yBKzGL50R1 c44594d44594